| 000 | 00504nam a22001577a 4500 | ||
|---|---|---|---|
| 003 | OSt | ||
| 005 | 20140311163159.0 | ||
| 008 | 140227t xxu||||| |||| 00| 0 eng d | ||
| 050 |
_aLT 4010.I6 _b.C771 1989 |
||
| 100 |
_aCook, Shirley _930769 |
||
| 245 |
_aLinking literature and writing : _bintegrating literature into basic skills programs / _cShirley Cook. |
||
| 260 |
_aNashville, Tenn. : _b Incentive Publications, _c1989. |
||
| 300 |
_a239 p. : _bill. ; _c30 cm. |
||
| 942 |
_2lcc _cBK-TR |
||
| 999 |
_c42466 _d42466 |
||